29 Global Systemically Important Banks - Statistics

General Stats
  • This quiz has been taken 29 times
  • The average score is 14 of 29
Answer Stats
Bank’s headquarters Answer % Correct
UK HSBC
92%
USA Bank of America
76%
USA Citigroup
76%
USA JP Morgan Chase
76%
USA Wells Fargo
72%
UK Barclays
64%
Germany Deutsche Bank
64%
USA Goldman Sachs
64%
Switzerland UBS
64%
China Bank of China
60%
USA Morgan Stanley
60%
Spain Santander
60%
France BNP Paribas
56%
France Crédit Agricole
56%
Netherlands ING
52%
Japan Mitsubishi UFJ FG
52%
Canada Royal Bank of Canada
44%
China China Construction Bank
40%
China Industrial and Commercial Bank of China
40%
Canada Toronto Dominion
36%
France Société Générale
32%
China Agricultural Bank of China
28%
USA Bank of New York Mellon
16%
France BPCE
16%
UK Standard Chartered
16%
Japan Mizuho FG
12%
USA State Street
12%
China Bank of Communications
8%
Japan Sumitomo Mitsui FG
8%
No matching quizzes found
Score Distribution
Percent of People with Each Score
Percentile by Number Answered
Your Score History
You have not taken this quiz